000 00885nas a2200289 4500
001 BR3800040
003 BR-BrBNA
005 20231205081816.0
007 ta
008 230509b bl.|||p| |||| 00| 00por d
040 _aBR-BrBNA
_bpor
_cBiblioteca Nacional de Agricultura
041 _a(Pt)
072 _aL50; L74
100 1 _aSilva, M.R. e
100 1 _aBier, O. (Instituto Biologico, Sao Paulo, SP (Brazil))
245 1 _aHistamina e fenomeno de Shwantzman [Fisiologia animal; Disturbio animal]
650 _aFisiologia animal
650 _aDisturbio animal
650 _aHistamina
650 _aCelula
650 _aPele
650 _aTecido animal
650 _aMetabolismo animal
773 0 _tArquivos do Instituto Biologico (Brazil)
_xISSN 0020-3653
_g(Oct 1938), v. 9 p. 133-143
_wBR3800040
909 _a202311
_bLúcia
_c55
_dLúcia Elande
942 _2AGRIS
_n0
_cANA
999 _c87011
_d87011